[Event "WCO 2016"]
[Site "?"]
[Date "2016.09.11"]
[Round "9"]
[Board "1"]
[WhiteID "19700024"]
[White "Khan Taffin"]
[BlackID "15400310"]
[Black "Li Hui"]
[Result "1-0"]
[BlackElo "1964"]
[WhiteElo "1877"]
[LiveChessVersion "1.4.8"]

1. d4 {[%clk 1:30:56]} Nf6 {[%clk 1:30:21]} 2. c4 {[%clk 1:31:17]} g6
{[%clk 1:27:40]} 3. Nc3 {[%clk 1:31:36]} Bg7 {[%clk 1:27:50]} 4. e4
{[%clk 1:31:57]} O-O {[%clk 1:25:50]} 5. Nf3 {[%clk 1:32:03]} d6 {[%clk 1:26:13]}
6. Be2 {[%clk 1:31:42]} e5 {[%clk 1:24:45]} 7. d5 {[%clk 1:30:23]} a5
{[%clk 1:22:01]} 8. O-O {[%clk 1:30:46]} Na6 {[%clk 1:03:01]} 9. Re1
{[%clk 1:30:58]} Nh5 {[%clk 0:49:12]} 10. Bf1 {[%clk 1:29:03]} h6
{[%clk 0:38:40]} 11. Kh1 {[%clk 1:26:29]} f5 {[%clk 0:30:21]} 12. exf5
{[%clk 1:26:42]} Bxf5 {[%clk 0:26:49]} 13. Nd2 {[%clk 1:25:26]} Nf6
{[%clk 0:21:34]} 14. f3 {[%clk 1:25:44]} Nc5 {[%clk 0:21:34]} 15. Nde4
{[%clk 1:25:08]} Nfxe4 {[%clk 0:18:46]} 16. fxe4 {[%clk 1:25:21]} Bd7
{[%clk 0:17:58]} 17. Be3 {[%clk 1:25:10]} Na6 {[%clk 0:16:21]} 18. Rb1
{[%clk 1:25:02]} Kh7 {[%clk 0:12:34]} 19. a3 {[%clk 1:24:54]} Bf6
{[%clk 0:11:45]} 20. b4 {[%clk 1:25:00]} Bg5 {[%clk 0:11:15]} 21. Bg1
{[%clk 1:25:05]} axb4 {[%clk 0:08:07]} 22. axb4 {[%clk 1:25:22]} b6
{[%clk 0:08:35]} 23. Bd3 {[%clk 1:22:41]} Qe7 {[%clk 0:06:57]} 24. Qe2
{[%clk 1:22:27]} h5 {[%clk 0:05:59]} 25. Rf1 {[%clk 1:15:17]} Bg4
{[%clk 0:05:26]} 26. Qe1 {[%clk 1:13:44]} Rxf1 {[%clk 0:05:16]} 27. Bxf1
{[%clk 1:13:59]} Rf8 {[%clk 0:03:36]} 28. c5 {[%clk 1:09:39]} Nb8
{[%clk 0:02:31]} 29. c6 {[%clk 1:08:42]} Bh4 {[%clk 0:02:32]} 30. Qd2
{[%clk 1:07:24]} Qf6 {[%clk 0:02:30]} 31. Bd3 {[%clk 1:04:49]} Bg5
{[%clk 0:02:42]} 32. Be3 {[%clk 1:04:54]} Bf4 {[%clk 0:03:06]} 33. Rf1
{[%clk 1:01:40]} Qg7 {[%clk 0:01:06]} 34. g3 {[%clk 0:57:35]} Bxe3
{[%clk 0:01:12]} 35. Qxe3 {[%clk 0:57:52]} Bh3 {[%clk 0:01:11]} 36. Rxf8
{[%clk 0:57:28]} Qxf8 {[%clk 0:01:40]} 37. Kg1 {[%clk 0:57:43]} Kg8
{[%clk 0:01:01]} 38. b5 {[%clk 0:57:00]} Qf7 {[%clk 0:00:32]} 39. Nd1
{[%clk 0:56:14]} Qf8 {[%clk 0:00:36]} 40. Nf2 {[%clk 1:26:24]} Bc8
{[%clk 0:30:34]} 41. Qg5 {[%clk 1:25:02]} Kg7 {[%clk 0:30:41]} 42. Be2
{[%clk 1:24:24]} Qf6 {[%clk 0:24:11]} 43. Qe3 {[%clk 1:18:34]} Qd8
{[%clk 0:13:52]} 44. Qa3 {[%clk 1:18:28]} Nd7 {[%clk 0:12:08]} 45. cxd7
{[%clk 1:18:35]} Bxd7 {[%clk 0:12:34]} 46. Qa7 {[%clk 1:17:01]} Kh6
{[%clk 0:12:57]} 47. Qa3 {[%clk 1:16:12]} Kg7 {[%clk 0:12:54]} 48. h4
{[%clk 1:15:54]} g5 {[%clk 0:11:28]} 49. hxg5 {[%clk 1:11:29]} Qxg5
{[%clk 0:11:52]} 50. Qf3 {[%clk 1:11:47]} Be8 {[%clk 0:07:51]} 51. Kh2
{[%clk 1:10:12]} Qd2 {[%clk 0:07:34]} 52. Qd3 {[%clk 1:09:17]} Qb2
{[%clk 0:06:41]} 53. Kg2 {[%clk 1:09:15]} Bg6 {[%clk 0:06:20]} 54. Bf1
{[%clk 1:08:37]} Kg8 {[%clk 0:02:34]} 55. Qc4 {[%clk 1:08:11]} Qd2
{[%clk 0:02:00]} 56. Bd3 {[%clk 1:07:55]} h4 {[%clk 0:01:36]} 57. gxh4
{[%clk 1:07:13]} Qf4 {[%clk 0:01:21]} 58. Qxc7 {[%clk 1:06:58]} Qxh4
{[%clk 0:01:45]} 59. Qc8+ {[%clk 1:06:46]} Kg7 {[%clk 0:01:46]} 60. Qd7+
{[%clk 1:05:33]} Kg8 {[%clk 0:01:26]} 61. Qg4 {[%clk 1:05:42]} Qh6
{[%clk 0:01:02]} 62. Be2 {[%clk 1:03:58]} Kg7 {[%clk 0:00:53]} 63. Qd7+
{[%clk 1:02:55]} Bf7 {[%clk 0:01:03]} 64. Bg4 {[%clk 1:01:35]} Kh8
{[%clk 0:00:32]} 65. Qd8+ {[%clk 1:01:11]} Kg7 {[%clk 0:00:54]} 66. Qxb6
{[%clk 1:01:01]} Bh5 {[%clk 0:00:44]} 67. Qc7+ {[%clk 1:01:03]} Kg8
{[%clk 0:00:56]} 68. Qc8+ {[%clk 0:59:13]} Kg7 {[%clk 0:01:23]} 69. Bxh5
{[%clk 0:59:25]} 1-0

[Event "WCO 2016"]
[Site "?"]
[Date "2016.09.11"]
[Round "9"]
[Board "2"]
[WhiteID "15400352"]
[White "Ip Seng Tou"]
[BlackID "19700075"]
[Black "Greenidge Ronuel"]
[Result "1-0"]
[BlackElo "1723"]
[WhiteElo "1675"]
[LiveChessVersion "1.4.8"]

1. e4 {[%clk 1:30:58]} c6 {[%clk 1:30:55]} 2. d4 {[%clk 1:31:24]} d5
{[%clk 1:31:20]} 3. Nc3 {[%clk 1:31:48]} dxe4 {[%clk 1:31:44]} 4. Nxe4
{[%clk 1:32:12]} Nd7 {[%clk 1:32:09]} 5. Ng5 {[%clk 1:32:06]} Ngf6
{[%clk 1:31:45]} 6. N1f3 {[%clk 1:32:24]} e6 {[%clk 1:32:01]} 7. Bd3
{[%clk 1:32:44]} Be7 {[%clk 1:32:09]} 8. O-O {[%clk 1:32:47]} O-O
{[%clk 1:30:27]} 9. Qe2 {[%clk 1:31:49]} h6 {[%clk 1:30:16]} 10. Ne4
{[%clk 1:20:38]} Nxe4 {[%clk 1:30:09]} 11. Qxe4 {[%clk 1:21:05]} Nf6
{[%clk 1:30:29]} 12. Qe2 {[%clk 1:21:19]} Re8 {[%clk 1:29:37]} 13. Bf4
{[%clk 1:19:34]} Qb6 {[%clk 1:24:11]} 14. c3 {[%clk 1:17:19]} Bd7
{[%clk 1:24:22]} 15. Ne5 {[%clk 1:14:49]} c5 {[%clk 1:17:20]} 16. dxc5
{[%clk 0:57:11]} Bxc5 {[%clk 1:13:26]} 17. Rad1 {[%clk 0:54:12]} Rad8
{[%clk 1:10:09]} 18. Rd2 {[%clk 0:44:52]} a6 {[%clk 1:06:17]} 19. Rfd1
{[%clk 0:38:53]} Bc6 {[%clk 1:02:28]} 20. Nc4 {[%clk 0:36:24]} Qa7
{[%clk 1:01:46]} 21. Bh7+ {[%clk 0:33:27]} Kxh7 {[%clk 0:59:58]} 22. Rxd8
{[%clk 0:33:54]} Rxd8 {[%clk 0:55:25]} 23. Rxd8 {[%clk 0:34:20]} b5
{[%clk 0:53:36]} 24. Ne3 {[%clk 0:21:35]} Qe7 {[%clk 0:44:50]} 25. Rd1
{[%clk 0:21:30]} Be4 {[%clk 0:39:50]} 26. Qd2 {[%clk 0:20:22]} e5
{[%clk 0:39:22]} 27. Bg3 {[%clk 0:20:16]} Qe6 {[%clk 0:38:46]} 28. b4
{[%clk 0:15:58]} Be7 {[%clk 0:35:05]} 29. Re1 {[%clk 0:16:13]} Bg6
{[%clk 0:34:19]} 30. Rd1 {[%clk 0:13:20]} Bf8 {[%clk 0:28:13]} 31. Nd5
{[%clk 0:12:07]} Ne4 {[%clk 0:27:56]} 32. Qe3 {[%clk 0:12:02]} f6
{[%clk 0:24:24]} 33. f3 {[%clk 0:10:46]} Nd6 {[%clk 0:24:24]} 34. Qb6
{[%clk 0:10:24]} Qc8 {[%clk 0:17:40]} 35. Qc7 {[%clk 0:10:34]} Qf5
{[%clk 0:16:20]} 36. Ne3 {[%clk 0:10:13]} Qe6 {[%clk 0:14:14]} 37. Qc6
{[%clk 0:08:39]} f5 {[%clk 0:12:04]} 38. Qd5 {[%clk 0:08:08]} Qxd5
{[%clk 0:11:32]} 39. Nxd5 {[%clk 0:08:28]} f4 {[%clk 0:11:26]} 40. Bf2
{[%clk 0:38:10]} Nc4 {[%clk 0:40:21]} 41. Nb6 {[%clk 0:34:35]} Bf7
{[%clk 0:37:59]} 42. Nxc4 {[%clk 0:33:21]} Bxc4 {[%clk 0:38:22]} 43. Bc5
{[%clk 0:33:30]} 1-0

[Event "WCO 2016"]
[Site "?"]
[Date "2016.09.11"]
[Round "9"]
[Board "3"]
[WhiteID "19700202"]
[White "Su Haifeng"]
[BlackID "16300190"]
[Black "Ho Hou-Meng, Herman"]
[Result "1/2-1/2"]
[BlackElo "1908"]
[WhiteElo "1800"]
[LiveChessVersion "1.4.8"]

1. e4 {[%clk 1:30:55]} e6 {[%clk 1:30:51]} 2. d4 {[%clk 1:31:19]} d5
{[%clk 1:31:14]} 3. Nd2 {[%clk 1:31:43]} Nf6 {[%clk 1:30:21]} 4. e5
{[%clk 1:28:45]} Nfd7 {[%clk 1:30:44]} 5. f4 {[%clk 1:29:04]} c5 {[%clk 1:31:06]}
6. c3 {[%clk 1:27:01]} Nc6 {[%clk 1:31:21]} 7. Ngf3 {[%clk 1:26:07]} Qb6
{[%clk 1:31:03]} 8. Nb3 {[%clk 1:23:43]} cxd4 {[%clk 1:24:33]} 9. Nfxd4
{[%clk 1:19:23]} Nxd4 {[%clk 1:18:05]} 10. cxd4 {[%clk 1:13:18]} Nb8
{[%clk 1:10:52]} 11. Bd3 {[%clk 1:02:07]} a5 {[%clk 1:08:20]} 12. Qc2
{[%clk 0:55:11]} Nc6 {[%clk 0:58:04]} 13. Be3 {[%clk 0:37:43]} Nb4
{[%clk 0:40:45]} 14. Qb1 {[%clk 0:31:14]} Nxd3+ {[%clk 0:23:36]} 15. Qxd3
{[%clk 0:31:37]} Bd7 {[%clk 0:24:00]} 16. a4 {[%clk 0:20:09]} Be7
{[%clk 0:18:53]} 17. O-O {[%clk 0:16:50]} O-O {[%clk 0:16:13]} 18. Nc5
{[%clk 0:15:30]} Rad8 {[%clk 0:14:15]} 19. b3 {[%clk 0:14:46]} Bc8
{[%clk 0:13:39]} 20. Qc3 {[%clk 0:14:06]} Qa7 {[%clk 0:13:26]} 21. Rf3
{[%clk 0:11:03]} b6 {[%clk 0:13:04]} 22. Nd3 {[%clk 0:11:05]} Ba6
{[%clk 0:13:14]} 23. Rg3 {[%clk 0:10:01]} Rc8 {[%clk 0:13:29]} 24. Qd2
{[%clk 0:09:52]} Bxd3 {[%clk 0:12:46]} 25. Qxd3 {[%clk 0:10:20]} g6
{[%clk 0:12:55]} 26. f5 {[%clk 0:09:43]} exf5 {[%clk 0:12:17]} 27. Bh6
{[%clk 0:08:17]} f4 {[%clk 0:11:48]} 28. Bxf4 {[%clk 0:07:59]} Rc6
{[%clk 0:12:00]} 29. Qf3 {[%clk 0:07:40]} Qd7 {[%clk 0:12:21]} 30. Rf1
{[%clk 0:07:13]} f6 {[%clk 0:09:59]} 31. Bh6 {[%clk 0:05:00]} Rf7
{[%clk 0:10:25]} 32. Qh5 {[%clk 0:04:06]} fxe5 {[%clk 0:09:23]} 33. Rxf7
{[%clk 0:04:07]} Kxf7 {[%clk 0:09:49]} 34. Rf3+ {[%clk 0:04:17]} Rf6
{[%clk 0:10:05]} 35. Qxe5 {[%clk 0:04:03]} Qe6 {[%clk 0:10:05]} 36. Rxf6+
{[%clk 0:02:54]} Bxf6 {[%clk 0:10:27]} 37. Qc7+ Be7 {[%clk 0:10:49]} 38. Bd2
{[%clk 0:01:27]} Qf6 {[%clk 0:08:28]} 39. Qf4 {[%clk 0:00:58]} Bd6
{[%clk 0:08:28]} 40. Qxf6+ {[%clk 0:30:41]} Kxf6 {[%clk 0:38:53]} 41. g4
{[%clk 0:29:46]} h5 {[%clk 0:28:03]} 42. h3 {[%clk 0:29:47]} hxg4
{[%clk 0:27:42]} 43. hxg4 {[%clk 0:30:15]} Ba3 {[%clk 0:27:48]} 44. Kf2
{[%clk 0:30:10]} Bb2 {[%clk 0:27:41]} 45. Be3 {[%clk 0:30:06]} Bc3
{[%clk 0:27:24]} 46. Ke2 {[%clk 0:30:07]} Ke6 {[%clk 0:26:00]} 47. Kd3
{[%clk 0:30:24]} Bb4 {[%clk 0:23:22]} 1/2-1/2

[Event "WCO 2016"]
[Site "?"]
[Date "2016.09.11"]
[Round "9"]
[Board "4"]
[WhiteID "15400344"]
[White "Ieong Seak Hin"]
[BlackID "19700318"]
[Black "Neto Roberto"]
[Result "1-0"]
[BlackElo "1561"]
[WhiteElo "1841"]
[LiveChessVersion "1.4.8"]

1. e4 {[%clk 1:30:51]} c6 {[%clk 1:30:56]} 2. d4 {[%clk 1:31:10]} d5
{[%clk 1:31:06]} 3. e5 {[%clk 1:31:03]} Bf5 {[%clk 1:23:19]} 4. Nf3
{[%clk 1:31:24]} e6 {[%clk 1:22:09]} 5. Be2 {[%clk 1:30:07]} Nd7 {[%clk 1:13:48]}
6. O-O {[%clk 1:30:28]} Qc7 {[%clk 1:07:51]} 7. c3 {[%clk 1:30:43]} Be7
{[%clk 0:52:38]} 8. Re1 {[%clk 1:29:03]} a6 {[%clk 0:39:30]} 9. Bf4
{[%clk 1:27:14]} c5 {[%clk 0:37:03]} 10. Nbd2 {[%clk 1:27:04]} c4
{[%clk 0:33:16]} 11. Nf1 {[%clk 1:27:16]} h6 {[%clk 0:32:22]} 12. Ne3
{[%clk 1:26:37]} Bh7 {[%clk 0:32:29]} 13. Nd2 {[%clk 1:26:25]} Bd8
{[%clk 0:27:01]} 14. Bg3 {[%clk 1:26:20]} Ne7 {[%clk 0:27:18]} 15. f4
{[%clk 1:26:34]} Nf5 {[%clk 0:27:02]} 16. Nxf5 {[%clk 1:27:02]} Bxf5
{[%clk 0:27:30]} 17. Nf1 {[%clk 1:27:21]} O-O {[%clk 0:22:43]} 18. Ne3
{[%clk 1:27:36]} Bh7 {[%clk 0:19:16]} 19. Bg4 {[%clk 1:23:41]} g6
{[%clk 0:14:05]} 20. Rf1 {[%clk 1:23:42]} h5 {[%clk 0:11:01]} 21. Bf3
{[%clk 1:22:41]} f5 {[%clk 0:08:14]} 22. exf6 {[%clk 1:23:03]} Nxf6
{[%clk 0:03:40]} 23. f5 {[%clk 1:23:22]} Qb6 {[%clk 0:02:43]} 24. fxe6
{[%clk 1:18:22]} Qxe6 {[%clk 0:01:44]} 25. Qe2 {[%clk 1:16:05]} Ne4
{[%clk 0:01:14]} 26. Nxd5 {[%clk 1:15:52]} Qxd5 {[%clk 0:00:45]} 27. Bxe4
{[%clk 1:16:03]} Rxf1+ {[%clk 0:00:41]} 28. Rxf1 {[%clk 1:16:32]} Qb5
{[%clk 0:00:41]} 29. Bd5+ {[%clk 1:15:38]} Qxd5 {[%clk 0:00:55]} 30. Qe8+
{[%clk 1:16:02]} Kg7 {[%clk 0:01:07]} 31. Qf8# 1-0

[Event "WCO 2016"]
[Site "?"]
[Date "2016.09.11"]
[Round "9"]
[Board "5"]
[WhiteID "21100039"]
[White "Bah Ebrima"]
[BlackID "20500220"]
[Black "Mphungu Gerrard"]
[Result "1/2-1/2"]
[BlackElo "2034"]
[WhiteElo "2054"]
[LiveChessVersion "1.4.8"]

1. e4 {[%clk 1:30:56]} c5 {[%clk 1:30:48]} 2. c3 {[%clk 1:31:13]} d5
{[%clk 1:31:01]} 3. e5 {[%clk 1:30:42]} Nc6 {[%clk 1:30:05]} 4. d4
{[%clk 1:30:44]} Bf5 {[%clk 1:29:20]} 5. Bd3 {[%clk 1:29:47]} Bxd3
{[%clk 1:28:51]} 6. Qxd3 {[%clk 1:30:09]} e6 {[%clk 1:29:10]} 7. a3
{[%clk 1:29:48]} Qc7 {[%clk 1:27:18]} 8. Be3 {[%clk 1:29:04]} c4 {[%clk 1:25:55]}
9. Qc2 {[%clk 1:29:03]} Nge7 {[%clk 1:25:54]} 10. f4 {[%clk 1:28:25]} Na5
{[%clk 1:25:15]} 11. Nd2 {[%clk 1:28:24]} Nf5 {[%clk 1:20:52]} 12. Bf2
{[%clk 1:28:36]} Be7 {[%clk 1:19:52]} 13. Ngf3 {[%clk 1:28:56]} Qb6
{[%clk 1:16:52]} 14. O-O {[%clk 1:28:45]} h5 {[%clk 1:15:47]} 15. h4
{[%clk 1:23:32]} Rc8 {[%clk 1:12:14]} 16. Rab1 {[%clk 1:22:47]} O-O
{[%clk 1:09:08]} 17. Rfe1 {[%clk 1:22:27]} Qb5 {[%clk 1:08:26]} 18. Nf1
{[%clk 1:21:33]} Qb3 {[%clk 1:06:57]} 19. Qe2 {[%clk 1:21:39]} g6
{[%clk 1:06:24]} 20. Ne3 {[%clk 1:21:32]} Nxe3 {[%clk 1:04:06]} 21. Bxe3
{[%clk 1:21:51]} Kg7 {[%clk 1:03:59]} 22. Ng5 {[%clk 1:20:35]} Rh8
{[%clk 1:03:13]} 23. Kh2 {[%clk 1:19:28]} Nc6 {[%clk 1:02:23]} 24. Rg1
{[%clk 1:19:37]} Rcg8 {[%clk 1:00:11]} 25. Nf3 {[%clk 1:16:08]} Na5
{[%clk 1:00:23]} 26. Bf2 {[%clk 1:15:20]} Rc8 {[%clk 1:00:20]} 27. Rbc1
{[%clk 1:14:35]} Qa4 {[%clk 0:58:24]} 28. Rc2 {[%clk 1:12:01]} Nc6
{[%clk 0:58:26]} 29. Rd2 {[%clk 1:11:46]} Bd8 {[%clk 0:58:27]} 30. Kh3
{[%clk 1:10:37]} Ne7 {[%clk 0:58:42]} 31. Nh2 {[%clk 1:09:36]} Nf5
{[%clk 0:58:41]} 32. Nf1 {[%clk 1:08:34]} Be7 {[%clk 0:55:11]} 33. Ne3
{[%clk 1:08:15]} Nxe3 {[%clk 0:54:07]} 34. Qxe3 {[%clk 1:08:15]} Kf8
{[%clk 0:53:51]} 35. Re2 {[%clk 1:07:20]} Ke8 {[%clk 0:53:41]} 36. g3
{[%clk 1:05:49]} Kd7 {[%clk 0:53:57]} 37. Qd2 {[%clk 1:05:15]} Rc6
{[%clk 0:51:25]} 38. Be3 {[%clk 1:04:11]} Rb6 {[%clk 0:49:55]} 39. Rgg2
{[%clk 1:03:47]} Rb3 {[%clk 0:49:59]} 40. Qc2 {[%clk 1:33:06]} a5
{[%clk 1:18:45]} 41. Rgf2 {[%clk 1:31:36]} Qc6 {[%clk 1:15:08]} 42. Bd2
{[%clk 1:31:03]} b5 {[%clk 1:14:46]} 43. Kg2 {[%clk 1:30:44]} Rb8
{[%clk 1:14:49]} 44. Rf3 {[%clk 1:29:47]} b4 {[%clk 1:13:28]} 45. cxb4 Rxf3 46.
Kxf3 {[%clk 1:28:06]} axb4 {[%clk 1:13:02]} 47. axb4 {[%clk 1:28:25]} Bxb4
{[%clk 1:13:10]} 48. Bc3 {[%clk 1:27:00]} Be7 {[%clk 1:11:47]} 49. Re1
{[%clk 1:26:43]} Ra8 {[%clk 1:12:03]} 50. Ke3 {[%clk 1:26:09]} Ra2
{[%clk 1:10:32]} 51. Rb1 {[%clk 1:24:24]} Qb5 {[%clk 1:09:34]} 52. Qd2
{[%clk 1:23:36]} Kc6 {[%clk 1:08:01]} 53. Qc2 {[%clk 1:21:11]} Bb4
{[%clk 1:05:04]} 54. Kd2 {[%clk 1:20:46]} Qa5 {[%clk 1:01:01]} 55. Bxb4 Qxb4+ 56.
Qc3 {[%clk 1:18:17]} Kb5 {[%clk 1:01:14]} 57. Kc2 {[%clk 1:17:35]} Ka4
{[%clk 1:01:00]} 58. Rc1 {[%clk 1:11:49]} Kb5 {[%clk 0:58:12]} 59. Qxb4+
{[%clk 1:09:40]} Kxb4 {[%clk 0:58:30]} 60. Kb1 {[%clk 1:09:51]} Ra4
{[%clk 0:58:28]} 61. Rc3 {[%clk 1:10:08]} Ka5 {[%clk 0:57:39]} 62. Re3
{[%clk 1:10:01]} Kb6 {[%clk 0:57:34]} 63. Rf3 {[%clk 1:09:23]} Kb5
{[%clk 0:56:37]} 64. Re3 {[%clk 1:09:29]} Rb4 {[%clk 0:56:34]} 65. Kc2
{[%clk 1:09:28]} Ra4 {[%clk 0:53:34]} 66. Kb1 {[%clk 1:09:41]} Kb4
{[%clk 0:53:43]} 67. Rc3 {[%clk 1:09:24]} Ra7 {[%clk 0:53:49]} 68. Re3
{[%clk 1:09:19]} Rc7 {[%clk 0:54:16]} 69. Rc3 {[%clk 1:07:59]} Rc8
{[%clk 0:53:48]} 70. Kc2 {[%clk 1:08:06]} Ra8 {[%clk 0:53:01]} 71. Kb1
{[%clk 1:08:20]} Ra4 {[%clk 0:53:26]} 72. Re3 {[%clk 1:08:12]} Kb5
{[%clk 0:53:52]} 73. Rc3 {[%clk 1:08:04]} Kc6 {[%clk 0:54:12]} 74. Rf3
{[%clk 1:07:46]} Kd7 {[%clk 0:54:26]} 75. Rc3 {[%clk 1:07:28]} Ke7
{[%clk 0:54:31]} 76. Rf3 {[%clk 1:07:17]} f6 {[%clk 0:49:53]} 77. Re3
{[%clk 1:06:49]} Kf7 {[%clk 0:43:27]} 78. Rf3 {[%clk 1:06:22]} Ra7
{[%clk 0:42:22]} 79. Re3 {[%clk 1:05:31]} Ra5 {[%clk 0:37:33]} 80. Rf3
{[%clk 1:05:37]} Ra8 {[%clk 0:37:54]} 81. Rc3 {[%clk 1:05:24]} Ra7
{[%clk 0:24:25]} 82. Rf3 {[%clk 1:05:20]} Ra6 {[%clk 0:24:49]} 83. Rc3
{[%clk 1:05:28]} g5 {[%clk 0:22:06]} 84. fxg5 {[%clk 1:01:52]} fxg5
{[%clk 0:22:27]} 85. Rf3+ {[%clk 1:01:37]} Kg7 {[%clk 0:22:47]} 86. Rf6
{[%clk 1:00:39]} g4 {[%clk 0:21:18]} 87. Kc2 {[%clk 0:59:24]} Rb6
{[%clk 0:21:41]} 88. Kc1 1/2-1/2

[Event "WCO 2016"]
[Site "?"]
[Date "2016.09.11"]
[Round "9"]
[Board "5"]
[WhiteID "10002235"]
[White "Mdoe Yusuf"]
[BlackID "11000791"]
[Black "Santos da Costa Jose Manuel"]
[Result "1/2-1/2"]
[BlackElo "1960"]
[WhiteElo "1758"]
[LiveChessVersion "1.4.8"]

1. d4 {[%clk 1:30:53]} d5 {[%clk 1:30:56]} 2. Nf3 {[%clk 1:31:04]} e6
{[%clk 1:31:09]} 3. e3 {[%clk 1:31:08]} Nf6 {[%clk 1:30:52]} 4. Bd3
{[%clk 1:31:12]} c5 {[%clk 1:29:31]} 5. b3 {[%clk 1:31:15]} Nc6 {[%clk 1:28:23]}
6. a3 {[%clk 1:31:10]} b6 {[%clk 1:12:57]} 7. Nbd2 {[%clk 1:30:52]} Be7
{[%clk 1:06:32]} 8. Bb2 {[%clk 1:30:53]} a5 {[%clk 0:58:51]} 9. Qe2
{[%clk 1:30:11]} O-O {[%clk 0:57:44]} 10. O-O {[%clk 1:29:17]} Bb7
{[%clk 0:47:50]} 11. e4 {[%clk 1:26:54]} dxe4 {[%clk 0:40:47]} 12. Nxe4
{[%clk 1:27:07]} Nxd4 {[%clk 0:40:11]} 13. Nxd4 {[%clk 1:25:29]} cxd4
{[%clk 0:35:54]} 14. Rfd1 {[%clk 1:24:40]} e5 {[%clk 0:26:18]} 15. c3
{[%clk 1:24:53]} Qd5 {[%clk 0:26:30]} 16. f3 {[%clk 1:23:06]} Nh5
{[%clk 0:14:51]} 17. Bc4 {[%clk 1:20:24]} Nf4 {[%clk 0:13:39]} 18. Qf1
{[%clk 1:15:33]} Qd7 {[%clk 0:09:05]} 19. cxd4 {[%clk 1:15:28]} Bxe4
{[%clk 0:08:22]} 20. fxe4 {[%clk 1:11:09]} Qg4 {[%clk 0:08:19]} 21. Qf3
{[%clk 1:10:16]} Qxf3 {[%clk 0:08:43]} 22. gxf3 {[%clk 1:10:13]} exd4
{[%clk 0:08:31]} 23. Bxd4 {[%clk 1:10:24]} Rfd8 {[%clk 0:07:00]} 24. Bxb6
{[%clk 1:09:22]} Rxd1+ {[%clk 0:07:26]} 25. Rxd1 {[%clk 1:08:31]} Bxa3
{[%clk 0:07:54]} 26. Rd7 {[%clk 1:06:01]} Ne6 {[%clk 0:08:01]} 27. f4
{[%clk 1:03:44]} Kf8 {[%clk 0:05:46]} 28. f5 {[%clk 1:03:35]} Ng5
{[%clk 0:06:11]} 29. Be3 {[%clk 1:00:53]} Nf3+ {[%clk 0:06:12]} 30. Kg2 Ne5 31.
Rc7 {[%clk 0:58:01]} Bd6 {[%clk 0:04:10]} 32. Bd5 {[%clk 0:52:55]} Bxc7
{[%clk 0:04:27]} 33. Bxa8 {[%clk 0:52:19]} Ke7 {[%clk 0:04:30]} 34. h3
{[%clk 0:51:57]} Kf6 {[%clk 0:00:50]} 35. Bd5 {[%clk 0:51:52]} Nd3 36. Bc4
{[%clk 0:46:30]} Ne5 {[%clk 0:01:22]} 37. Bd4 {[%clk 0:46:01]} g6
{[%clk 0:01:08]} 38. fxg6 {[%clk 0:35:51]} hxg6 {[%clk 0:01:22]} 39. Kf2
{[%clk 0:34:51]} Ke7 40. Bc5+ {[%clk 0:28:45]} Kf6 {[%clk 0:01:17]} 41. Bf1
{[%clk 0:56:07]} Ke6 {[%clk 0:31:24]} 42. Ke3 {[%clk 0:55:09]} g5 43. Ba6
{[%clk 0:49:45]} Nc6 {[%clk 0:09:14]} 44. Bc4+ {[%clk 0:45:23]} Kf6
{[%clk 0:09:12]} 45. Bd5 {[%clk 0:44:46]} Ne5 {[%clk 0:07:34]} 46. Bb7
{[%clk 0:41:22]} Nd7 {[%clk 0:07:45]} 47. Ba7 {[%clk 0:38:55]} Ke5
{[%clk 0:06:37]} 48. Kd3 {[%clk 0:36:48]} Nb6 {[%clk 0:06:10]} 49. Bc6
{[%clk 0:34:33]} Kd6 {[%clk 0:06:24]} 50. Be8 Ke7 51. Bb5 {[%clk 0:29:30]} Nc8
{[%clk 0:05:58]} 52. Bg1 {[%clk 0:25:54]} Nd6 {[%clk 0:05:39]} 53. Bc6
{[%clk 0:26:13]} Ke6 {[%clk 0:05:43]} 54. Bd5+ {[%clk 0:24:32]} Kd7
{[%clk 0:05:28]} 55. e5 {[%clk 0:17:20]} Nb5 {[%clk 0:05:30]} 56. Bxf7
{[%clk 0:11:57]} Bxe5 {[%clk 0:05:38]} 57. Bg8 {[%clk 0:10:39]} Kc6
{[%clk 0:04:15]} 58. Ke4 {[%clk 0:10:23]} Bc7 {[%clk 0:04:08]} 59. Bd5+
{[%clk 0:09:07]} Kd7 {[%clk 0:04:13]} 60. Kf5 {[%clk 0:08:53]} Nc3
{[%clk 0:04:19]} 61. Be6+ {[%clk 0:08:20]} Ke7 {[%clk 0:04:40]} 62. Bc5+
{[%clk 0:08:12]} Bd6 {[%clk 0:04:53]} 63. Bd4 {[%clk 0:08:12]} Nb5
{[%clk 0:04:52]} 64. Bf6+ {[%clk 0:08:20]} Kf8 {[%clk 0:05:21]} 65. Bc4
{[%clk 0:08:19]} Nc7 {[%clk 0:04:26]} 66. Bxg5 {[%clk 0:08:34]} Ne8
{[%clk 0:04:33]} 67. h4 {[%clk 0:08:43]} Kg7 {[%clk 0:04:30]} 68. Ke6
{[%clk 0:08:08]} Bb4 {[%clk 0:04:56]} 69. Bd3 {[%clk 0:07:40]} Bc3
{[%clk 0:05:15]} 70. h5 {[%clk 0:07:06]} Nc7+ 71. Kd7 {[%clk 0:06:35]} Nd5
{[%clk 0:05:28]} 72. h6+ {[%clk 0:06:38]} Kh8 {[%clk 0:05:53]} 73. Kd6
{[%clk 0:05:27]} Nf6 {[%clk 0:06:09]} 74. Ke6 {[%clk 0:05:13]} Ng4
{[%clk 0:05:16]} 75. Kd5 {[%clk 0:05:07]} Nf6+ {[%clk 0:05:26]} 76. Kc6
{[%clk 0:04:59]} Kg8 {[%clk 0:05:47]} 77. Kb5 {[%clk 0:05:04]} Ne8
{[%clk 0:05:15]} 78. Bd8 {[%clk 0:04:48]} Nd6+ 79. Ka4 {[%clk 0:05:04]} Nb7
{[%clk 0:04:17]} 80. Bb6 {[%clk 0:05:00]} Kh8 {[%clk 0:03:37]} 81. Ba6
{[%clk 0:04:01]} Nd6 {[%clk 0:03:53]} 82. Bxa5 {[%clk 0:04:16]} Bxa5
{[%clk 0:03:49]} 83. Kxa5 {[%clk 0:04:35]} Kh7 {[%clk 0:04:15]} 84. Kb6
{[%clk 0:04:56]} Kxh6 {[%clk 0:04:14]} 85. Kc6 {[%clk 0:05:11]} Ne4
{[%clk 0:04:36]} 86. b4 {[%clk 0:05:19]} Nc3 {[%clk 0:05:02]} 87. Bd3
{[%clk 0:05:38]} Kg7 {[%clk 0:05:26]} 88. Kc5 {[%clk 0:05:50]} Kf8
{[%clk 0:05:52]} 89. Kc4 {[%clk 0:06:08]} Na4 {[%clk 0:06:21]} 90. b5
{[%clk 0:06:07]} Ke7 {[%clk 0:06:35]} 91. Kb4 {[%clk 0:06:13]} Nb6
{[%clk 0:06:53]} 92. Ka5 {[%clk 0:06:35]} Nc8 {[%clk 0:06:43]} 93. Bf5
{[%clk 0:06:40]} Nd6 {[%clk 0:05:25]} 94. b6 {[%clk 0:07:00]} 1/2-1/2